| 000 | 00480nam a2200205Ia 4500 | ||
|---|---|---|---|
| 003 | OSt | ||
| 005 | 20240923112543.0 | ||
| 008 | 240126s9999 xx 000 0 und d | ||
| 020 | _a9789387487499 | ||
| 040 | _c0 | ||
| 041 | _aEnglish | ||
| 082 | _a344.046 SHA;1 R | ||
| 100 | _aShastri, Satish C. Dave, V S. | ||
| 245 | 0 | _aEnvironmental law | |
| 250 | _a6th ed. | ||
| 260 |
_bEastern Book Company _aLucknow |
||
| 300 | _alv, 613 | ||
| 440 | _aNULL | ||
| 942 |
_cLL _2ddc |
||
| 999 |
_c287610 _d287610 |
||